[Event "2nd Polugaevsky Mem"]
[Site "Samara RUS"]
[Date "2012.07.05"]
[Round "1.30"]
[White "Smirnov,Alexey"]
[Black "Velichko,Arseny"]
[Result "1-0"]
[WhiteElo "2414"]
[BlackElo "1914"]

1.d4 d5 2.c4 c6 3.Nf3 Nf6 4.Nc3 e6 5.e3 Nbd7 6.Bd3 dxc4 7.Bxc4 b5 8.Bd3 Bb7
9.e4 b4 10.Na4 c5 11.e5 Nd5 12.O-O h6 13.Re1 cxd4 14.Nxd4 Qa5 15.a3 Be7 16.Bd2 Kf8
17.Bb5 Rd8 18.axb4 Qc7 19.Rc1 Qb8 20.Bxd7 Rxd7 21.Nc5 Rd8 22.Qg4 h5 23.Ndxe6+ fxe6
24.Nxe6+ Kf7 25.Qf5+ Kg8 26.Qg6 Bf8 27.Nxd8 Qxd8 28.Bg5 Qa8 29.e6 Ne7 30.Qf7+ Kh7
31.Qxh5+ Kg8 32.Qf7+ Kh7 33.Bxe7 Bxg2 34.Re5  1-0

[Event "7th Wroclaw Open A"]
[Site "Wroclaw POL"]
[Date "2012.07.05"]
[Round "4.9"]
[White "Klim,K"]
[Black "Paszewski,M"]
[Result "1-0"]
[WhiteElo "2336"]
[BlackElo "2028"]

1.d4 d5 2.c4 c6 3.Nf3 Nf6 4.e3 e6 5.Nc3 Nbd7 6.Bd3 dxc4 7.Bxc4 b5 8.Bd3 a6
9.e4 c5 10.e5 cxd4 11.Nxb5 Nxe5 12.Nxe5 axb5 13.O-O Qb6 14.Qe2 Rb8 15.Bf4 Bd6
16.Rac1 Bd7 17.Qf3 Rc8 18.Nxd7 Kxd7 19.Bxd6 Kxd6 20.Qg3+ Ke7 21.Qxg7 Rhg8
22.Qh6 Qb7 23.g3 Qd5 24.Qd2 Rxc1 25.Rxc1 Rb8 26.Qf4 Qd6 27.Rc7+ Nd7 28.Qg5+ Kf8
29.Qh6+ Ke8 30.Rc2 Ne5 31.Qxh7 Nxd3 32.Qxd3 e5 33.f3 Qd5 34.Kg2 Qxa2 35.Qe4 Qe6
36.Rc5 f6 37.Qg6+ Qf7 38.Qf5 Rd8 39.Rc6 Rd7 40.Rxf6 Qg7 41.Qxe5+ Kd8 42.Qb8+ Ke7
43.Rf4 d3 44.Re4+ Kf6 45.Qe5+  1-0

[Event "87th ch-Paris IdF Open"]
[Site "Paris FRA"]
[Date "2012.07.07"]
[Round "1.10"]
[White "Lorscheid,G"]
[Black "Wirig,A"]
[Result "1/2-1/2"]
[WhiteElo "2259"]
[BlackElo "2452"]

1.d4 d5 2.c4 c6 3.Nc3 Nf6 4.e3 e6 5.Nf3 Nbd7 6.Bd3 dxc4 7.Bxc4 b5 8.Bd3 Bd6
9.O-O O-O 10.e4 e5 11.Ne2 Re8 12.Bg5 a6 13.Qc2 c5 14.dxe5 Nxe5 15.Nxe5 Rxe5
16.Bxf6 gxf6 17.Ng3 c4 18.Be2 Qb6 19.Rad1  1/2-1/2

[Event "4th Rethymno Open"]
[Site "Rethymno GRE"]
[Date "2012.07.07"]
[Round "1.25"]
[White "Skembris,S"]
[Black "Kalofonos,P"]
[Result "1-0"]
[WhiteElo "2460"]
[BlackElo "1796"]

1.c4 e6 2.Nf3 d5 3.d4 Nf6 4.Nc3 c6 5.e3 Nbd7 6.Qc2 Bd6 7.b3 O-O 8.Be2 e5
9.cxd5 cxd5 10.Nb5 Bb4+ 11.Bd2 Bxd2+ 12.Nxd2 exd4 13.Nxd4 Ne5 14.O-O Be6
15.Qb2 Nc6 16.N2f3 Qb6 17.Rfd1 Rfd8 18.Rac1 h6 19.Nxc6 bxc6 20.Qd4 Rac8 21.b4 Nd7
22.h3 c5 23.bxc5 Rxc5 24.Rxc5 Qxc5 25.e4 Qxd4 26.Nxd4 Nb6 27.e5 Na4 28.Rd3 Rc8
29.Ra3 Bd7 30.Bb5 Bxb5 31.Nxb5 Rc4 32.Nd6 Rb4 33.Kh2 g6 34.Rf3 Rb2 35.Rxf7 Rxa2
36.e6 Re2 37.e7 Nc5 38.Rf8+  1-0

[Event "14th Saint-Lo Festival IM"]
[Site "Saint-Lo FRA"]
[Date "2012.07.07"]
[Round "1"]
[White "Amoyal,P"]
[Black "Pucher,S"]
[Result "1/2-1/2"]
[WhiteElo "2155"]
[BlackElo "2217"]

1.Nf3 d5 2.d4 Nf6 3.c4 e6 4.Nc3 c6 5.e3 Nbd7 6.Qc2 Bd6 7.g4 h6 8.h3 O-O 9.g5 hxg5
10.Nxg5 Re8 11.Bd2 e5 12.O-O-O Nf8 13.dxe5 Bxe5 14.Rg1 Qe7 15.Bd3 Ne6 16.f4 Bd6
17.cxd5 cxd5 18.Bb5 Nxg5 19.Rxg5 Bxh3 20.Bxe8 Rxe8 21.Rdg1 Qf8 22.Rxg7+ Qxg7
23.Rxg7+ Kxg7 24.Qd3 Bg2 25.Qf5 Be4 26.Qg5+ Bg6 27.f5 Re5 28.e4 d4 29.Qh6+ Kg8
30.fxg6 Rh5 31.gxf7+ Kxf7 32.Qxh5+ Nxh5 33.Nb5 Be5 34.Kc2 a6 35.Na3 d3+ 36.Kxd3 Bxb2
37.Nc4 Bf6 38.Nd6+ Ke6 39.Nxb7 Be7 40.Na5 Nf6 41.Nb3 Nd7 42.Nd4+ Ke5 43.Nc6+ Ke6
44.Nxe7 Kxe7 45.Kc4 Ke6 46.Bc3 Kd6 47.Bd4 Kc6 48.Kb4 Nf8 49.Ka5 Kb7 50.Kb4 Kc6
51.Kc4 Ne6 52.a4 Ng5 53.e5 Nf3 54.e6 Nxd4 55.e7 Kd7 56.Kxd4 Kxe7 57.Kc5 Kd8
58.Kb6 Kc8 59.Kxa6 Kb8 60.Kb6 Ka8 61.a5 Kb8 62.a6 Ka8 63.a7  1/2-1/2

[Event "35th Barbera Open A"]
[Site "Barbera del Valles ESP"]
[Date "2012.07.08"]
[Round "5.41"]
[White "Moreto Quintana,A"]
[Black "Fernandez Aguilar,F"]
[Result "1-0"]
[WhiteElo "2166"]
[BlackElo "1946"]

1.Nf3 Nf6 2.c4 c6 3.d4 d5 4.Nc3 e6 5.e3 Nbd7 6.Qc2 Bd6 7.b3 O-O 8.Be2 b6
9.O-O Bb7 10.Bb2 Rc8 11.Rad1 Qe7 12.Rfe1 Rfd8 13.Bf1 c5 14.dxc5 Nxc5 15.cxd5 Nxd5
16.Bc4 Nf6 17.Qe2 Nce4 18.Nb5 Bb4 19.Rxd8+ Rxd8 20.Rc1 Nd2 21.Bd3 Nxf3+ 22.gxf3 a6
23.Nd4 Ba3 24.Nc6 Bxc6 25.Bxa3 Qd7 26.Rd1 Qb7 27.Bxh7+ Kxh7 28.Rxd8 Bxf3
29.Qc2+ Kh6 30.Rh8+ Kg5 31.Bc1 Ne4 32.Qc8 Qa7 33.Qb8 Qd7 34.Qf4+ Kg6 35.Qxf3  1-0

[Event "119th ch-SCO 2012"]
[Site "Glasgow SCO"]
[Date "2012.07.08"]
[Round "2.2"]
[White "Hera,I"]
[Black "Enchev,I"]
[Result "1/2-1/2"]
[WhiteElo "2568"]
[BlackElo "2413"]

1.d4 d5 2.c4 c6 3.Nf3 Nf6 4.e3 e6 5.Nc3 Nbd7 6.Qc2 Bd6 7.Bd3 O-O 8.O-O dxc4
9.Bxc4 b5 10.Bd3 Bb7 11.Ng5 h6 12.Nge4 Be7 13.Rd1 Qb8 14.Rb1 a5 15.b3 Rc8
16.Qe2 Nxe4 17.Nxe4 c5 18.dxc5 Nxc5 19.Nxc5 Rxc5 20.e4 Bg5 21.Bxg5 Rxg5 22.Bxb5 Bxe4
23.Qxe4 Rxb5 24.Rbc1 Qb7 25.Qxb7 Rxb7  1/2-1/2

[Event "9th South Wales Int"]
[Site "Penarth WLS"]
[Date "2012.07.08"]
[Round "2.3"]
[White "Wells,P"]
[Black "Brown,Th"]
[Result "1/2-1/2"]
[WhiteElo "2488"]
[BlackElo "2104"]

1.Nf3 Nf6 2.c4 c6 3.d4 d5 4.Nc3 e6 5.e3 Nbd7 6.Qc2 Bd6 7.g4 Bb4 8.Bd2 dxc4
9.g5 Nd5 10.Bxc4 b5 11.Bxd5 exd5 12.Ne2 Bxd2+ 13.Nxd2 O-O 14.Rg1 c5 15.dxc5 Qc7
16.c6 Ne5 17.Nd4 a6 18.Rg3 Be6 19.f4 Nc4 20.Nxc4 dxc4 21.O-O-O Rfe8 22.Qc3 Rab8
23.g6 hxg6 24.Rxg6 fxg6 25.Nxe6 Rxe6 26.Rd7 Re7 27.Rxc7 Rxc7 28.Qe5 Rbc8
29.Qe6+ Kh7 30.Qh3+ Kg8 31.Qe6+ Kh7 32.Qh3+ Kg8 33.Qe6+ Kh7 34.Qh3+ Kg8 35.Qe6+  1/2-1/2

[Event "4th Rethymno Open"]
[Site "Rethymno GRE"]
[Date "2012.07.08"]
[Round "3.1"]
[White "Sargissian,G"]
[Black "Sivuk,V"]
[Result "1-0"]
[WhiteElo "2685"]
[BlackElo "2467"]

1.d4 Nf6 2.Nf3 e6 3.c4 d5 4.Nc3 c6 5.e3 Nbd7 6.Qc2 b6 7.Bd3 Bb7 8.O-O Bd6
9.e4 dxe4 10.Nxe4 Nxe4 11.Bxe4 Qc7 12.Be3 Nf6 13.c5 Be7 14.Bd3 Nd5 15.Bd2 h6
16.b4 O-O 17.Rfe1 Bf6 18.Rac1 bxc5 19.bxc5 a5 20.Rb1 Ba6 21.Bh7+ Kh8 22.Be4 Rfb8
23.Rxb8+ Rxb8 24.Qc1 Qb7 25.Bxd5 exd5 26.Bxh6 Qd7 27.Bg5 Bxg5 28.Qxg5 f6
29.Qg3 Rd8 30.Re3 a4 31.h3 Kg8 32.Nh4 Re8 33.Qg4 Qxg4 34.Rxe8+ Kf7 35.hxg4 Kxe8
36.a3 g5 37.Nf5 Kd7 38.f3 Bd3 39.Kf2 Ke6 40.Ng3 Bc4 41.Ke3 Kd7 42.Kd2 Bb5
43.Kc3 Bc4 44.Kb4 Bb5 45.Nf5 Bf1 46.Ne3 Be2 47.Kxa4 Kc7 48.Kb4 Kb7 49.Kc3 Ka6
50.Kd2 Bb5 51.Nf5 Bf1 52.Ng3 Bxg2 53.Ke2 Kb5 54.Kf2 Bh3 55.Nf5 Kc4 56.a4 Kb4
57.Ne3 Kxa4 58.Kg3  1-0

[Event "2nd Polugaevsky Mem"]
[Site "Samara RUS"]
[Date "2012.07.08"]
[Round "4.13"]
[White "Iljushin,A"]
[Black "Palachev,P"]
[Result "1-0"]
[WhiteElo "2517"]
[BlackElo "2287"]

1.d4 d5 2.c4 c6 3.Nf3 Nf6 4.Nc3 e6 5.e3 Nbd7 6.Qc2 Bd6 7.Bd3 O-O 8.O-O dxc4
9.Bxc4 a6 10.a4 c5 11.Rd1 Qc7 12.Qe2 b6 13.d5 Ne5 14.Nxe5 Bxe5 15.h3 Bxc3
16.bxc3 exd5 17.Bxd5 Nxd5 18.Rxd5 Be6 19.Rg5 f6 20.Rg3 Qc6 21.e4 Kh8 22.h4 b5
23.h5 Bc4 24.Qg4 Rf7 25.axb5 Qxb5 26.h6 g6 27.Re3 Re8 28.Qg3 Rfe7 29.Re1 Qc6
30.f3 Rd7 31.Rb1 Bd3 32.Rb8 Re7 33.Ba3 Re5 34.Rxe8+ Qxe8 35.c4 Bxc4 36.Bb2 Re6
37.Qc7 Qf8 38.Rd1 Bb5 39.Rd8 Be8  1-0

[Event "Werner-Ott-Open 2012"]
[Site "Berlin GER"]
[Date "2012.07.09"]
[Round "3.23"]
[White "Albrecht,R"]
[Black "Vidic,D"]
[Result "1-0"]
[WhiteElo "2102"]
[BlackElo "1823"]

1.d4 d5 2.c4 Nf6 3.Nc3 c6 4.e3 e6 5.Nf3 Bd6 6.b3 Bb4 7.Bd2 O-O 8.Qc2 Bd7
9.Bd3 dxc4 10.bxc4 a6 11.O-O b5 12.e4 bxc4 13.Bxc4 Ba5 14.Bd3 h6 15.h3 Re8
16.Be3 Bc7 17.Rfd1 a5 18.a3 Na6 19.Na4 Qe7 20.Qc3 Rec8 21.Rab1 Be8 22.Nb6 Bxb6
23.Rxb6 Nc7 24.a4 Bd7 25.Ne5 c5 26.dxc5 Bxa4 27.Ra1 Be8 28.Rxa5 Rxa5 29.Qxa5 Ra8
30.Qc3 Ra4 31.f3 Nh5 32.Rb8 Ra8 33.Rxa8 Nxa8 34.Qa5 Nc7 35.Bf2 Nf4 36.Bf1 f6
37.Nd3 Ng6 38.Qa7 Qd8 39.Qb6 Qd7 40.Nb4 Ne7 41.Qd6 Nc8 42.Qxd7 Bxd7 43.Na6 Ne8
44.Nb8 Ba4 45.Ba6 Ne7 46.Bb7 f5 47.Bg3 Kf7 48.c6 g5 49.Be5 Ng6 50.c7 Nxc7
51.Bxc7 Bb3 52.Kf2 h5 53.exf5 exf5 54.Nc6 Nf8 55.Nd4 Be6 56.Nxe6 Kxe6 57.Bc8+ Kf6
58.Bd8+ Kg6 59.Be7 Nh7 60.g4 hxg4 61.hxg4 fxg4 62.fxg4 Kf7 63.Bf5 Nf6 64.Bxf6 Kxf6
65.Ke3 Ke5 66.Be4 Kf6 67.Kd4 Ke6 68.Bd5+ Kd6 69.Ke4  1-0

[Event "ch-SWE 2012"]
[Site "Falun SWE"]
[Date "2012.07.09"]
[Round "3"]
[White "Blomqvist,E"]
[Black "Hector,J"]
[Result "1-0"]
[WhiteElo "2457"]
[BlackElo "2530"]

1.d4 d5 2.c4 c6 3.Nf3 Nf6 4.Nc3 e6 5.e3 Nbd7 6.Bd3 dxc4 7.Bxc4 b5 8.Bd3 a6
9.a4 b4 10.Ne4 c5 11.Nxf6+ gxf6 12.Be4 Rb8 13.O-O Bg7 14.Qe2 O-O 15.Rd1 f5
16.Bd3 Qb6 17.a5 Qc7 18.e4 c4 19.Bxc4 fxe4 20.Ng5 Nf6 21.Bxa6 Bxa6 22.Qxa6 h6
23.Nh3 Nd5 24.Qe2 f5 25.f3 e5 26.fxe4 fxe4 27.Qxe4 Rbd8 28.a6 exd4 29.a7 Qc5
30.Qe6+ Kh7 31.Rd3 Rde8 32.Ng5+ Kh8 33.Bd2 Rxe6 34.Nxe6 Qc6 35.Nxf8 Nc7 36.Bxb4 Qc4
37.Bd6 Na8 38.Ng6+ Kh7 39.Nf4 Qc6 40.Bb8 Qb5 41.b3 Bf6 42.Ra4 Qe8 43.Kf2 Qe4
44.Rc4 Bh4+ 45.g3 Bd8 46.Bd6 Qh1 47.h4 Ba5 48.b4 Qb1 49.Rc8 Bb6 50.Be5 Qa2+
51.Kf3  1-0

[Event "6th LCT GpA 2012"]
[Site "Leiden NED"]
[Date "2012.07.09"]
[Round "4.3"]
[White "De Jong,JW"]
[Black "Negi,P"]
[Result "1/2-1/2"]
[WhiteElo "2429"]
[BlackElo "2661"]

1.d4 d5 2.c4 c6 3.Nc3 Nf6 4.e3 e6 5.Nf3 Nbd7 6.Qc2 b6 7.Be2 Bb7 8.O-O dxc4
9.Bxc4 c5 10.Qe2 a6 11.a4 Bd6 12.Rd1 O-O 13.d5 exd5 14.Nxd5 Nxd5 15.Bxd5 Bxd5
16.Rxd5 Nf6 17.Rd1 Qe7 18.b3 Rfd8 19.Bb2 Rd7 20.Bxf6 Qxf6 21.Ra2 Rdd8 22.Rad2 h6
23.Qc4 Bc7 24.Rxd8+ Rxd8 25.Rxd8+ Qxd8  1/2-1/2

[Event "14th Saint-Lo Festival Summer Open"]
[Site "Saint-Lo FRA"]
[Date "2012.07.09"]
[Round "3.1"]
[White "Veron,C"]
[Black "David,Vi"]
[Result "0-1"]
[WhiteElo "2085"]
[BlackElo "2392"]

1.Nf3 Nf6 2.c4 c6 3.d4 d5 4.Nc3 e6 5.e3 Nbd7 6.Qc2 a6 7.c5 Qc7 8.b4 a5 9.b5 e5
10.b6 Qd8 11.Be2 e4 12.Nd2 g6 13.Bb2 Bg7 14.O-O-O O-O 15.h4 h5 16.Rdg1 Re8
17.Qd1 Nf8 18.Kb1 Bf5 19.Nf1 Ng4 20.Qe1 Nh7 21.a4 Bf6 22.g3 Bg7 23.Ka2 Nh6
24.Kb3 Nf6 25.Nb1 Nd7 26.Bc3 Qe7 27.Nh2 Be6 28.Kc2 Nxc5 29.dxc5 Qxc5 30.g4 hxg4
31.Nxg4 Nf5 32.h5 d4 33.exd4 Nxd4+ 34.Kb2 Qxb6+ 35.Kc1 Ba2 36.Na3 Qb3 37.Bb2 Nf3  0-1

[Event "ch-NOR 2012"]
[Site "Sandefjord NOR"]
[Date "2012.07.09"]
[Round "3.10"]
[White "Tjomsland,S"]
[Black "Moen,A"]
[Result "1/2-1/2"]
[WhiteElo "2375"]
[BlackElo "2392"]

1.d4 d5 2.c4 c6 3.Nf3 Nf6 4.Nc3 e6 5.e3 Nbd7 6.Bd3 dxc4 7.Bxc4 b5 8.Bd3 Bd6
9.O-O O-O 10.e4 e5 11.h3 Re8 12.Bg5 Bb7 13.Rc1 h6 14.Bh4 exd4 15.Nxd4 Bf4
16.Nf5 b4 17.Na4 Bxc1 18.Qxc1 Qa5 19.b3 Ba6 20.Bxa6 Qxa6 21.f3 Re6 22.Rd1 c5
23.Qf4 c4 24.Qg3 Nh5 25.Qg4 c3 26.Bf2 c2 27.Rc1 Qe2 28.Nb2 Ndf6 29.Qh4 Rd8
30.Nd4 Qd2 31.Rxc2 Qxc2 32.Nxc2 g5 33.Bb6 gxh4 34.Bxd8 Rd6 35.Bxf6 Nxf6 36.Nxb4 Rd2
37.Nc4 Rd1+ 38.Kf2 Nh5 39.Nc6 Ra1 40.a4 Nf4 41.Nxa7 Ra2+ 42.Kf1 Nxg2 43.Nc6 Nf4
44.Ne7+ Kf8 45.Nf5 Rh2 46.Kg1 Ra2 47.Kf1 Nxh3 48.Nxh4 Nf4 49.Nf5 h5 50.a5 Nd3
51.Kg1 Nb4 52.Nd4 Kg7 53.f4 Kh7 54.e5 h4 55.f5 Kg7 56.Kh1 Nd5 57.Nf3 h3 58.Ng1 Nf4
59.Nf3 Nh5 60.Ne3 Re2 61.Nf1 Ra2 62.Kg1 Ra1 63.Kf2 Rxa5 64.N1h2 Ra2+ 65.Ke3 Rb2
66.Ke4 Rxb3 67.f6+ Kg6 68.Nh4+ Kh7 69.Kf5 Rb4 70.N4f3 Ng3+ 71.Kg5 Kg8 72.Ng4 Nf1
73.e6 fxe6 74.Nge5 h2 75.Nxh2 Nxh2 76.Kg6 Rg4+ 77.Nxg4 Nxg4 78.f7+ Kf8 79.Kg5 Kxf7
80.Kxg4 Kf6 81.Kf4  1/2-1/2

[Event "16th Godesburg Open"]
[Site "Bad Godesberg GER"]
[Date "2012.07.10"]
[Round "4.10"]
[White "Krug,Michael"]
[Black "Schwarz,Ol"]
[Result "0-1"]
[WhiteElo "1906"]
[BlackElo "2128"]

1.d4 d5 2.c4 e6 3.Nc3 Nf6 4.Nf3 c6 5.e3 Bd6 6.c5 Bc7 7.b4 Nbd7 8.Be2 O-O
9.O-O e5 10.Bb2 e4 11.Nd2 Re8 12.Qc2 Nf8 13.Rae1 Ng4 14.Bxg4 Bxg4 15.f4 Qh4
16.g3 Qh3 17.Nd1 Qh5 18.Nf2 f5 19.Nxg4 fxg4 20.a4 a6 21.a5 Re6 22.Rf2 Qf5
23.Ree2 Rf6 24.Kf1 Ne6 25.Ke1 Raf8 26.Nf1 h5 27.Bc3 g6 28.Kd1 Kf7 29.Kc1 Ke7
30.Kb2 Ng7 31.Be1 Qc8 32.Rg2 R8f7 33.Bf2 Qf8 34.Qd2 Ne6 35.Qc2 Kd7 36.Qd2 g5
37.Qc2 gxf4 38.gxf4 Bxf4 39.Ng3 Bxg3 40.Bxg3 Rf3 41.Qd2 R7f5 42.Bh4 Qh6 43.Kc2 Rh3
44.Qe1 Rff3 45.Bf2 Qg5 46.Qg1 Ng7 47.Rg3 Nf5 48.Rxh3 Rxh3 49.Bg3 h4 50.Bf4 Nxd4+
51.exd4 Qxf4 52.Rg2 Qf3 53.Kb1 Qd3+ 54.Rc2 g3 55.hxg3 Rxg3 56.Qf2 Qb3+ 57.Rb2 Qd1+
58.Ka2 Qf3 59.Qd2 Qa3+ 60.Kb1 Qd3+  0-1

[Event "35th Barbera Open A"]
[Site "Barbera del Valles ESP"]
[Date "2012.07.10"]
[Round "7.3"]
[White "Peralta,Fe"]
[Black "Fernandez Cardoso,A"]
[Result "1/2-1/2"]
[WhiteElo "2602"]
[BlackElo "2427"]

1.d4 d5 2.c4 c6 3.Nf3 Nf6 4.Nc3 e6 5.e3 Nbd7 6.Bd3 dxc4 7.Bxc4 b5 8.Bd3 Bd6
9.O-O O-O 10.Bd2 Bb7 11.Rc1 Qe7 12.Ng5 a6 13.Nce4 Nxe4 14.Nxe4 c5 15.dxc5 Bxh2+
16.Kxh2 Bxe4 17.Bxe4 Qh4+ 18.Kg1 Qxe4 19.c6 Ne5 20.Qc2 Qh4 21.f3 Rfc8 22.c7 Nc4
23.Rfd1 Qe7 24.b3 Nxd2 25.Rxd2 h6 26.Qc6 h5 27.Rd7 Qf6 28.Rcd1 Kh7 29.R1d4 g5
30.Rxf7+ Qxf7 31.Rd7 Kg6 32.Rxf7 Kxf7 33.Qd7+ Kf6 34.Kf2 h4 35.Ke2 b4 36.Kd3 a5
37.Kc4 Re8 38.Kb5 Kg6 39.Kc5 Kf6 40.Kd4 Rg8 41.Ke4 g4 42.fxg4 Rxg4+ 43.Kf3 Rgg8
44.Kf4 Rh8 45.e4 Rae8 46.e5+ Kg6 47.Kg4 Rhg8 48.Qc6 Rh8 49.Kf4 Kf7 50.Qd7+ Kg6
51.Ke4 h3 52.gxh3 Rh4+ 53.Kd3 Rxh3+ 54.Kc4 Rhh8 55.Kb5 Kf5 56.Kxa5 Kxe5 57.Kxb4 Kf4
58.Qf7+ Kg5 59.Qg7+ Kf5 60.Qf7+ Kg5 61.Qg7+ Kf5 62.Kc5 e5 63.Qf7+ Kg5 64.b4 e4
65.Kd4 e3 66.Qg7+ Kf5 67.Qf7+ Kg4 68.Qg6+ Kf4 69.c8=Q Rxc8 70.Qe4+ Kg3 71.Qxe3+ Kg2
72.Qg5+ Kf3 73.Qf6+ Ke2 74.b5 Rhd8+ 75.Ke4 Re8+ 76.Kd5 Red8+ 77.Ke6 Kd3 78.a4 Kc4
79.Qb2 Kc5 80.b6 Re8+ 81.Kf7 Rf8+ 82.Kg6 Rg8+ 83.Kh7 Rh8+ 84.Kg6 Rhg8+ 85.Kf5 Rgf8+
86.Kg6 Rg8+ 87.Kh5 Rh8+ 88.Kg4 Rhg8+ 89.Kh5  1/2-1/2

[Event "ch-SWE 2012"]
[Site "Falun SWE"]
[Date "2012.07.10"]
[Round "4.2"]
[White "Smith,Ax"]
[Black "Blomqvist,E"]
[Result "1/2-1/2"]
[WhiteElo "2491"]
[BlackElo "2457"]

1.d4 d5 2.c4 c6 3.Nc3 Nf6 4.e3 e6 5.Nf3 Nbd7 6.Bd3 dxc4 7.Bxc4 b5 8.Bd3 Bb7
9.a3 b4 10.Ne4 bxa3 11.O-O Nxe4 12.Bxe4 Nf6 13.Bd3 axb2 14.Bxb2 Be7 15.Ba3 O-O
16.Bxe7 Qxe7 17.Ra5 Rfc8 18.Qc2 c5 19.dxc5 e5 20.Be2 Rc7 21.Rfa1  1/2-1/2

[Event "34th Oberwart Open A"]
[Site "Oberwart AUT"]
[Date "2012.07.10"]
[Round "4.7"]
[White "Kovacs,Ga2"]
[Black "Schwab,R"]
[Result "1-0"]
[WhiteElo "2467"]
[BlackElo "2244"]

1.Nf3 d5 2.d4 c6 3.c4 e6 4.e3 Nf6 5.Nc3 dxc4 6.Bxc4 b5 7.Bd3 a6 8.e4 c5 9.e5 cxd4
10.Nxb5 axb5 11.exf6 Bb4+ 12.Bd2 Bxd2+ 13.Qxd2 Qxf6 14.Bxb5+ Bd7 15.Bxd7+ Nxd7
16.Qxd4 Qxd4 17.Nxd4 O-O 18.O-O Ra4 19.Rfd1 Nf6 20.b3 Ra6 21.a4 Nd5 22.Rac1 g6
23.g3 Rb8 24.Rc4 Kf8 25.Rdc1 Kg7 26.Kf1 h5 27.Nb5 Rab6 28.Rc6 Rxb5 29.axb5 Rxb5
30.Rb1 h4 31.gxh4 Nb4 32.Rc4 Kh6 33.Ke2 Kh5 34.Kd2 Rb7 35.Kc3 Nd5+ 36.Kb2 f5
37.Rg1 Rb8 38.Ka3 e5 39.b4 Nf4 40.Rc7 Ra8+ 41.Kb3 Rh8 42.b5 Kxh4 43.b6 Ne6
44.Re7 Nd4+ 45.Kc4 Nc6 46.Rc7 Nd8 47.Rc8 Kh3 48.Kb5 Kxh2 49.Rxg6  1-0

[Event "5th Int ch-Central Serbia 2012"]
[Site "Paracin SRB"]
[Date "2012.07.10"]
[Round "5.29"]
[White "Livaja,M"]
[Black "Matsenko,A"]
[Result "0-1"]
[WhiteElo "2277"]
[BlackElo "2163"]

1.d4 d5 2.Nf3 Nf6 3.e3 e6 4.c4 c6 5.Nc3 Nbd7 6.Bd3 Bd6 7.O-O O-O 8.b3 e5
9.dxe5 Nxe5 10.Be2 dxc4 11.bxc4 Be6 12.Qa4 Nxf3+ 13.Bxf3 Be5 14.Rd1 Qc7 15.Bb2 Bxh2+
16.Kf1 Be5 17.Rd2 Ng4 18.Bxg4 Bxg4 19.c5 h5 20.f3 Bf5 21.Ne2 Bxb2 22.Rxb2 Bd3
23.Kf2 Qe7 24.Nf4 Rfd8 25.Re1 Bb5 26.Qb4 Qe5 27.Rc2 h4 28.a4 Ba6 29.Rd2 Rac8
30.Rxd8+ Rxd8 31.Nh3 Qg3+ 32.Kg1 Be2 33.Ng5 Qxg5 34.Rxe2 Rd1+ 35.Re1 Qxe3+  0-1

[Event "2nd Polugaevsky Mem"]
[Site "Samara RUS"]
[Date "2012.07.10"]
[Round "6.5"]
[White "Smirnov,P"]
[Black "Smirnov,Alexey"]
[Result "1-0"]
[WhiteElo "2592"]
[BlackElo "2414"]

1.d4 d5 2.c4 c6 3.Nc3 Nf6 4.e3 e6 5.Nf3 Nbd7 6.Bd3 dxc4 7.Bxc4 b5 8.Bd3 Bb7
9.a3 b4 10.Ne4 Nxe4 11.Bxe4 Qb6 12.O-O Be7 13.axb4 Bxb4 14.Bd2 O-O 15.Bxb4 Qxb4
16.Qc2 Nf6 17.Ra4 Qe7 18.Bd3 a5 19.Rfa1 Ba6 20.Bxa6 Rxa6 21.Rxa5 Rb6 22.Ne5 g6
23.h3 Rfb8 24.Nxc6 Qc7 25.Ra8 Rxa8 26.Rxa8+ Kg7 27.Qc5  1-0

[Event "2nd Polugaevsky Mem"]
[Site "Samara RUS"]
[Date "2012.07.10"]
[Round "6.29"]
[White "Velichko,Arseny"]
[Black "Korchmar,V"]
[Result "0-1"]
[WhiteElo "1914"]
[BlackElo "2236"]

1.d4 d5 2.c4 c6 3.Nc3 Nf6 4.e3 e6 5.Nf3 Nbd7 6.Bd3 Bd6 7.e4 dxe4 8.Nxe4 Nxe4
9.Bxe4 Nf6 10.Bc2 b6 11.O-O Bb7 12.Re1 Bb4 13.Re2 Be7 14.Bg5 O-O 15.Qd3 g6
16.Rd1 Re8 17.Ne5 Nd7 18.Qf3 f6 19.Nxd7 Qxd7 20.Bf4 Rad8 21.Qh3 Bf8 22.c5 bxc5
23.Bb3 Bc8 24.Rde1 cxd4 25.Rxe6 Kh8 26.Qh4 Bg7 27.Bh6 Rxe6 28.Rxe6 Bxh6 29.Qxh6 Re8
30.f4 d3 31.f5 Qd4+ 32.Kf1 Bxe6 33.fxg6 Qd7 34.Bxe6 Qg7  0-1

[Event "2nd Polugaevsky Mem"]
[Site "Samara RUS"]
[Date "2012.07.10"]
[Round "6.25"]
[White "Aseeva,A"]
[Black "Duzhakov,I"]
[Result "1-0"]
[WhiteElo "2012"]
[BlackElo "2342"]

1.d4 d5 2.c4 e6 3.Nc3 c6 4.e3 Nf6 5.Nf3 Nbd7 6.Bd3 dxc4 7.Bxc4 b5 8.Bd3 Bb7
9.O-O a6 10.a4 b4 11.Ne4 c5 12.Nxf6+ Nxf6 13.dxc5 Bxc5 14.Qe2 Ra7 15.e4 Qa8
16.Nd2 a5 17.Bb5+ Ke7 18.Re1 Rc8 19.Kh1 g5 20.f3 g4 21.Nb3 gxf3 22.gxf3 Bd6
23.Bg5 Rg8 24.Qe3 Qb8 25.Nd2 h6 26.Bh4 Bf4 27.Qc5+ Bd6 28.Qf2 e5 29.Nc4 Rd8
30.Rad1 Bc7 31.Qc5+ Ke6 32.Ne3 Ba6 33.Qc4+ Ke7 34.Nf5+ Kf8 35.Bxf6  1-0

[Event "32nd Benasque Open"]
[Site "Benasque ESP"]
[Date "2012.07.11"]
[Round "7.4"]
[White "Czakon,J"]
[Black "Harikrishna,P"]
[Result "0-1"]
[WhiteElo "2481"]
[BlackElo "2684"]

1.d4 d5 2.c4 c6 3.Nc3 Nf6 4.Nf3 e6 5.e3 Nbd7 6.Qc2 g6 7.b3 Bg7 8.Ba3 Ne4
9.Qb2 f5 10.h4 b6 11.Bd3 Ndc5 12.Bc2 Bb7 13.Ne2 O-O 14.Qc1 Qf6 15.Rb1 Nd7
16.Bxf8 Rxf8 17.cxd5 exd5 18.Bd3 h6 19.Nf4 Re8 20.b4 Bf8 21.Kf1 Bd6 22.g3 Qg7
23.Kg2 Ndf6 24.Qb2 Ng4 25.Rbf1 g5 26.hxg5 hxg5 27.Ne2 Bc8 28.Qc1 Bd7 29.a3 Rf8
30.Bc2 Rf6 31.Bb3 a6 32.Nc3 Kf8 33.Na4 f4 34.Nxb6 Be8 35.Nxd5 cxd5 36.Bxd5 Nxg3
37.Qc8 Nxh1 38.Rxh1 Nh6 39.Bc6 Qe7 40.e4 g4 41.Ng5 f3+ 42.Kg1 Bh2+ 43.Kxh2 Rxc6  0-1

[Event "Turkish Bank Chess League 2012"]
[Site "Konya TUR"]
[Date "2012.07.11"]
[Round "1"]
[White "Citak,S"]
[Black "Yurtseven,C"]
[Result "1-0"]
[WhiteElo "2357"]
[BlackElo "2323"]

1.d4 d5 2.c4 c6 3.Nf3 Nf6 4.Nc3 e6 5.e3 Nbd7 6.Qc2 Be7 7.b3 b6 8.Be2 Bb7
9.O-O Rc8 10.Bb2 c5 11.dxc5 Bxc5 12.cxd5 Nxd5 13.Nxd5 Bxd5 14.Ba6 Rc7 15.Qe2 O-O
16.e4 Ba8 17.Rfd1 Qe7 18.a3 e5 19.b4 Bd4 20.Nxd4 exd4 21.Rxd4 Nb8 22.Bc4 Rfc8
23.Bb3 Nc6 24.Rd2 Ne5 25.Rad1 h6 26.Qh5 Nc4 27.Bxc4 Rxc4 28.Rd7 Qf8 29.f3 a5
30.Qg4 f6 31.Qe6+ Kh8  1-0

[Event "5th Int ch-Central Serbia 2012"]
[Site "Paracin SRB"]
[Date "2012.07.11"]
[Round "7.19"]
[White "Abramovic,B"]
[Black "Blazeka,M"]
[Result "1-0"]
[WhiteElo "2470"]
[BlackElo "2216"]

1.d4 d5 2.c4 c6 3.e3 Nf6 4.Nc3 e6 5.Nf3 Nbd7 6.Bd3 dxc4 7.Bxc4 b5 8.Bd3 Bd6
9.O-O O-O 10.b3 Bb7 11.Bb2 Qe7 12.Rc1 Rac8 13.Ng5 e5 14.Nce4 Nxe4 15.Nxe4 Bb8
16.Ng3 Nf6 17.Qf3 Rfe8 18.Nf5 Qe6 19.Qg3 g6 20.dxe5 Nh5 21.Qg5 Bxe5 22.Bxe5 Qxe5
23.Rc5 Qe6 24.Nh6+ Kg7 25.Bf5 Qf6 26.Bxc8 Qxg5 27.Rxg5 Bxc8 28.Ng4 f6 29.Rc5 Bxg4  1-0

[Event "5th Int ch-Central Serbia 2012"]
[Site "Paracin SRB"]
[Date "2012.07.11"]
[Round "7.25"]
[White "Desnica,V"]
[Black "Skovgaard,Pe2"]
[Result "1/2-1/2"]
[WhiteElo "2225"]
[BlackElo "2306"]

1.d4 Nf6 2.c4 e6 3.Nf3 d5 4.Nc3 c6 5.e3 Nbd7 6.Qc2 Bd6 7.Bd3 O-O 8.O-O dxc4
9.Bxc4 e5 10.h3 Qe7 11.Bb3 h6 12.Nh4 Rd8 13.Ng6 Qe8 14.f4 exd4 15.exd4 Nf8
16.f5 Kh7 17.Ne5 Bxe5 18.dxe5 Qxe5 19.Bxf7 b6 20.Qf2 Ba6 21.Re1 Qc7 22.Bb3 c5
23.Qh4 Rd4 24.Qf2 Qc6 25.Be3 Rd7 26.Bd1 Re8 27.Bf3 Qc7 28.Qh4 Rde7 29.Bd2 Qd6
30.Rxe7 Rxe7 31.Bf4 Qd4+ 32.Kh1 Bd3 33.Rd1 c4 34.Qg3 Qd7 35.Be2 Qxf5 36.Bxd3 cxd3
37.Qxd3 Ne4 38.Nxe4 Rxe4 39.Rf1 Ne6 40.Bxh6 Nc5 41.Rxf5 Nxd3 42.Bd2 Nxb2
43.Rf7 Ra4 44.Bc3 Nd1 45.Bxg7 Kg6 46.Rd7 Nf2+ 47.Kh2 Rxa2 48.Be5 Ne4 49.Bb8 a6
50.Re7 Nf6 51.Re6 b5 52.Be5 Kf5 53.Rxf6+ Kxe5 54.Rb6 Kd5 55.h4 Kc5 56.Rb8 a5
57.h5 Rd2 58.Kh3 a4 59.Ra8 Kb4 60.g4 a3 61.g5 Rd1 62.g6 Rg1 63.Ra7 Kb3 64.g7 a2
65.h6 Rg5 66.h7 Rxg7 67.h8=Q Rxa7  1/2-1/2

[Event "27th Gniota Memorial"]
[Site "Police POL"]
[Date "2012.07.11"]
[Round "3.5"]
[White "Schmidt,Wl"]
[Black "Musialkiewicz,J"]
[Result "1/2-1/2"]
[WhiteElo "2382"]
[BlackElo "2189"]

1.d4 d5 2.c4 c6 3.Nc3 Nf6 4.e3 e6 5.Nf3 Nbd7 6.Bd3 dxc4 7.Bxc4 b5 8.Bd3 Bb7
9.a3 b4 10.Ne4 bxa3 11.O-O Be7 12.b3 Nxe4 13.Bxe4 Qb6 14.Bxa3 Bxa3 15.Rxa3 O-O
16.Qb1 f5 17.Bd3  1/2-1/2

[Event "14th Saint-Lo Festival Summer Open"]
[Site "Saint-Lo FRA"]
[Date "2012.07.11"]
[Round "6.1"]
[White "David,Vi"]
[Black "Devallee,J"]
[Result "1/2-1/2"]
[WhiteElo "2392"]
[BlackElo "2106"]

1.d4 d5 2.c4 c6 3.Nc3 Nf6 4.Nf3 e6 5.e3 Be7 6.Bd3 O-O 7.O-O Nbd7 8.e4 dxe4
9.Nxe4 Nxe4 10.Bxe4 Nf6 11.Bc2 b6 12.Bg5 Bb7 13.Qe2 Qc7 14.Rfe1 Rfd8 15.Rad1 Rac8
16.a3 Ne8 17.Qe4 g6 18.Qh4 f6 19.Bf4 Bd6 20.Bxd6 Rxd6 21.c5 bxc5 22.dxc5 Rxd1
23.Rxd1 Rd8 24.Rxd8 Qxd8 25.Bb3 Qe7 26.Qc4 Nc7 27.h4 Nd5 28.Qc2 e5 29.Bxd5+ cxd5
30.c6 Bc8 31.b4 a6 32.Qb3 Qd6 33.b5 axb5 34.Qxb5 Qxa3 35.Qxd5+ Kg7 36.g3 Qe7
37.Nd2 Be6 38.Qa5 Qd6 39.Qc3 Qc7 40.Qc5 f5 41.Nc4 Bxc4 42.Qxc4 Kf6 43.Qd5 Ke7
44.Qc5+ Ke6 45.Kf1 e4 46.Ke1 e3 47.f4 Qd6 48.Qxe3+ Kd5 49.Qf3+ Kc5 50.Qe3+  1/2-1/2